<?xml version="1.0" encoding="UTF-8"?>
<record
    xmlns:xsi="http://www.w3.org/2001/XMLSchema-instance"
    xsi:schemaLocation="http://www.loc.gov/MARC21/slim http://www.loc.gov/standards/marcxml/schema/MARC21slim.xsd"
    xmlns="http://www.loc.gov/MARC21/slim">

  <leader>00407    a2200121   4500</leader>
  <controlfield tag="001">ART_5545</controlfield>
  <controlfield tag="005">20260410161616.0</controlfield>
  <controlfield tag="008">260409a                                 </controlfield>
  <datafield tag="245" ind1="1" ind2="0">
    <subfield code="a">Las irregularidades contables como disparadores de un debate conceptual profundo</subfield>
  </datafield>
  <datafield tag="100" ind1="1" ind2=" ">
    <subfield code="a">Canetti, Miguel Marcelo</subfield>
  </datafield>
  <datafield tag="700" ind1="1" ind2=" ">
    <subfield code="a">Rodr&#xED;guez de Ram&#xED;rez, Mar&#xED;a del Carmen</subfield>
  </datafield>
  <datafield tag="773" ind1="0" ind2=" ">
    <subfield code="t">Enfoques</subfield>
    <subfield code="g">- N&#xBA; 1 (ene. 2006)</subfield>
    <subfield code="w">REV416</subfield>
  </datafield>
  <datafield tag="999" ind1=" " ind2=" ">
    <subfield code="c">11118</subfield>
    <subfield code="d">11118</subfield>
  </datafield>
</record>
